Fikah lengkap perkahwinan

Bibliographic Details
Format: Book
Published: Kuala Lumpur : Pustaka Syuhada , 1993
Subjects:

MARC

LEADER 00000cam a2200000 7i4500
001 0000007874
002 000008448
005 20000330.0
020 |a 983906200X 
090 0 0 |a 297   |b FIK 
245 0 0 |a Fikah lengkap perkahwinan   |c disusun oleh Drs.Syahrin Nasution 
260 |a Kuala Lumpur :   |b Pustaka Syuhada ,   |c 1993 
300 |a 179p. ;   |c 19cm. 
650 0 0 |a Marriage (Islam) 
650 0 0 |a Marriage (Islamic law) 
999 |a 043958   |b BUKU   |c PINJAMAN   |e PERPUSTAKAAN KOMUNITI PETALING JAYA 
999 |a 043959   |b BUKU   |c PINJAMAN   |e PERPUSTAKAAN KOMUNITI PETALING JAYA 
999 |a 043985   |b BUKU   |c PINJAMAN   |e PERPUSTAKAAN KOMUNITI PETALING JAYA 
999 |a 046355   |b BUKU   |c PINJAMAN   |e PERPUSTAKAAN KOMUNITI CAW KOTA DAMANSARA